| 000 | 03754nam a2200469 a 4500 | ||
|---|---|---|---|
| 001 | 001358520 | ||
| 003 | AM-YeHGA | ||
| 005 | 20250618075738.0 | ||
| 008 | 170512m19271939ru abc|frde|||000|0drus|| | ||
| 040 | _aAM-YeHGA | ||
| 041 | 0 | _arus | |
| 245 | 0 | 0 | _aЭнциклопедический словарь Русского библиографического института Гранат |
| 250 | _a7-е изд. | ||
| 260 |
_aМосква : _bРус. библиогр. инст. Гранат, _c[1927] - _c[1939]. |
||
| 300 |
_aТом ; _c24 см. |
||
| 500 | _aДо 33-го т. под ред. проф. Ю. С. Гамбарова, проф. В. Я. Железнова и др. | ||
| 505 | 1 | 0 |
_gТ. 36, Ч. 6 ([1938], 666 стб., 84 с.: карт. ) : _tРоссия. - Румыния |
| 505 | 1 | 0 |
_gТ. 41, Ч. 1 (Б. г., 556, 350 стб., [2] л. карт. ) : _tСоциальная гигиена - Союз Советских Социалистических республик |
| 505 | 1 | 0 |
_gТ. 41, Ч. 2 ([1929], 544, 244 стб., 28 л. карт. : табл. ) : _tСоюз Советских Социалистических республик |
| 505 | 1 | 0 |
_gТ. 41, Ч. 3 (Б. г., 588, 304 стб. : табл.) : _tСоюз Советских Социалистических республик : (Окончание) |
| 505 | 1 | 0 |
_gТ. 41, Ч. 4 ([1930] , 727 стб. : ил., портр., табл. ) : _tСоюз союзов - Стрелковский |
| 505 | 1 | 0 |
_gТ. 41, Ч. 5 ([1927], 692 стб. : ил., портр., табл. ) : _tСтрелолист - Северных |
| 505 | 1 | 0 |
_gТ. 41, Ч. 6 ([1929], 776 стб. : ил., карт., табл. ) : _tСеверо-Американские Соединенные штаты - Тампа |
| 505 | 1 | 0 |
_gТ. 41, Ч. 7 ([1929], 704 стб. : ил., портр., табл. ) : _tТамплиеры - Тецель |
| 505 | 1 | 0 |
_gТ. 41, Ч. 8 ([1929], 658 стб. : ил., портр., табл. ) : _tТечения морские - Торс |
| 505 | 1 | 0 |
_gТ. 43 ([1932], 768 стб. : ил., портр.) : _tФалернское - Фистула |
| 505 | 1 | 0 |
_gТ. 44 ([1931], 658 стб. : ил., портр.) : _tФита - Франция |
| 505 | 1 | 0 |
_gТ. 45, Ч. 1 ([1927], 672 стб. : ил.) : _tФранция - Фуганок |
| 505 | 1 | 0 |
_gТ. 45, Ч. 2 ([1928], 788 стб. : ил., карт., табл.) : _tФугас - Христианский социализм |
| 505 | 1 | 0 |
_gТ. 45, Ч. 3 ([1929], 832 стб. : ил.) : _tХристианстад - Чети |
| 505 | 1 | 0 |
_gТ. 46 ([1927], 600 стб. : ил., табл., карт.) : _tЧетырехлетняя война и ее эпоха |
| 505 | 1 | 0 |
_gТ. 47 ([1927], 750, 94 стб. : табл., карт.) : _tЧетырехлетняя война 1914-1918 и ее эпоха : (продолжение) |
| 505 | 1 | 0 |
_gТ. 48 ([1935], 712, 150 стб. : табл., карт.) : _tЧетырехлетняя война 1914-1918 (окончание) - Чулков |
| 505 | 1 | 0 |
_gТ. 55 ([1938], 742 стб. : табл.) : _tЭпоха мирового кризиса, экономического, социального и политического |
| 505 | 1 | 0 |
_gТ. 57 ([1939], 910 стб. : карт., табл.) : _tЭпоха социалистической реконструкции народного хозяйства СССР |
| 650 | 1 | 4 | _aЭнциклопедический словарь |
| 700 | 1 |
_aЖелезнов, В.Я. _eред. _4edt |
|
| 700 | 1 |
_aՂամբարով, Յուրի Ստեփանի, _d1850-1926 _eред. _4edt _9840 |
|
| 710 | 2 | _aРусский библиографический институт "Гранат" | |
| 942 |
_2udc _cBK |
||
| 090 | _c495270 | ||
| 999 |
_c491896 _d491896 |
||